banner-ar

اثار مصر فى العصر المتاخر / (Record no. 66744)

MARC details
000 -الفاتح
حقل البيانات ثابتة الطول 01036nam a22002537a 4500
005 - وقت وتاريخ اخر تعامل مع التسجيلة
رقم الضبط 20240530110936.0
008 - عناصر البيانات ثابتة الطول - معلومات عامة
حقل البيانات ثابتة الطول 221015s2021 ua af f 000 0 ara d
017 ## - رقم الايداع القانونى
رقم الايداع القانونى 2021/11508
المصدر ( الهيئة المختصة) مصر. دار الكتب
020 ## - الرقم الدولى المعيارى للكتب
الرقم الدولى المعيارى للكتاب 9789776809437
040 ## - مصدر الفهرسة
وكالة الفهرسة الأصلية EG-CaGPL
وكالة النسخ EG-CaGPL
082 04 - رقم تصنيف ديوى العشرى
رقم الطبعة 21
رقم التصنيف 709.32
رقم المادة ق/ج آ
100 0# - المدخل الرئيسى - إسم شخصى
الإسم الشخصى جلال احمد ابو بكر
245 10 - بيان العنوان
العنوان اثار مصر فى العصر المتاخر /
بيان المسئوليه,etc جلال احمد ابو بكر .
رقم الجزء/قسم العمل الجزء الاول -
اسم جزء/قسم العمل العمارة .
رقم الجزء/قسم العمل الجزء الثانى -
اسم جزء/قسم العمل الفنون .
250 ## - بيان الطبعة
بيان الطبعة ط. 1
260 ## - PUBLICATION, DISTRIBUTION, ETC. (IMPRINT)
تاريخ النشر أو التوزيع 2021
300 ## - الوصف المادى
التعداد 2 جزء :
تفاصيل ماديه اخرى للوعاء ايض. ؛
أبعاد الوعاء 24 سم.
650 07 - المدخل الاضافى بالموضوع-مصطلح موضوعى
مصدر الرأس أو المصطلح qrmak
مصطلح موضوعي الحضارة المصرية القديمة
650 07 - المدخل الاضافى بالموضوع-مصطلح موضوعى
مصطلح موضوعي المقابر الفرعونية
650 07 - المدخل الاضافى بالموضوع-مصطلح موضوعى
مصطلح موضوعي المعابد المصرية القديمة
650 07 - المدخل الاضافى بالموضوع-مصطلح موضوعى
مصطلح موضوعي المعابد
التقسيم الفرعي العام نقوش
651 07 - المدخل الاضافى بالموضوع - اسم جغرافى
مصدر الرأس أو المصطلح qrmak
الاسم الجغرافي النوبة
التقسيم الفرعي العام معابد
942 ## - عناصر المدخل الإضافي( كوها)
Koha [default] item type كتاب
مصدر التصنيف او مخطط الترفيف Dewey Decimal Classification
260 ## - PUBLICATION, DISTRIBUTION, ETC. (IMPRINT)
-- الجيزة :
-- المؤسسة الدولية للكناب،
Holdings
حالة التراجع حالة الفقد حالة تلف ليس للاعارة المكان المؤقت الموقع الحالى موقع الترفيف تاريخ الاكتساب اجمالي اﻻعارات رقم الطلب الباركود تاريخ اخر مشاهدة تاريخ تفعيل السعر نوع وعاء كوها
        مكتبة القاهرة الكبرى مكتبة القاهرة الكبرى   10/15/2022   709.32 ق/ج آ 168577 10/15/2022 10/15/2022 كتاب
        مكتبة القاهرة الكبرى مكتبة القاهرة الكبرى   10/15/2022   709.32 ق/ج آ 168578 10/15/2022 10/15/2022 كتاب

Powered By

EGPV